Welcome to CU Library Online Public Access Catalogue (OPAC)

The handbook of social psychology / (Record no. 7184)

MARC details
000 -LEADER
fixed length control field 01014cam a2200265 a 4500
001 - CONTROL NUMBER
control field 3541572
005 - DATE AND TIME OF LATEST TRANSACTION
control field 20250726085450.0
008 - FIXED-LENGTH DATA ELEMENTS--GENERAL INFORMATION
fixed length control field 970303s1998 maua b 001 0 eng
020 ## - INTERNATIONAL STANDARD BOOK NUMBER
International Standard Book Number 0195213769
Qualifying information set : acid-free paper
020 ## - INTERNATIONAL STANDARD BOOK NUMBER
International Standard Book Number 9780195213768
Qualifying information (set : acid-free paper)
050 00 - LIBRARY OF CONGRESS CALL NUMBER
Classification number HM251
Item number .H224 1998
082 00 - DEWEY DECIMAL CLASSIFICATION NUMBER
Classification number 302
Edition information 21
100 ## - MAIN ENTRY--PERSONAL NAME
Personal name Daniel T. Gilbert
245 04 - TITLE STATEMENT
Title The handbook of social psychology /
Statement of responsibility, etc. [edited by] Daniel T. Gilbert, Susan T. Fiske, Gardner Lindzey.
250 ## - EDITION STATEMENT
Edition statement 4th ed.
260 ## - PUBLICATION, DISTRIBUTION, ETC.
Place of publication, distribution, etc. Boston :
Name of publisher, distributor, etc. McGraw-Hill ;
Place of publication, distribution, etc. New York :
Name of publisher, distributor, etc. Distributed exclusively by Oxford University Press,
Date of publication, distribution, etc. c1998.
300 ## - PHYSICAL DESCRIPTION
Extent 2 v. :
Other physical details ill. ;
Dimensions 26 cm.
650 #0 - SUBJECT ADDED ENTRY--TOPICAL TERM
Topical term or geographic name entry element Social psychology.
700 1# - ADDED ENTRY--PERSONAL NAME
Personal name Gilbert, Daniel Todd.
700 1# - ADDED ENTRY--PERSONAL NAME
Personal name Fiske, Susan T.
700 1# - ADDED ENTRY--PERSONAL NAME
Personal name Lindzey, Gardner.
856 42 - ELECTRONIC LOCATION AND ACCESS
Materials specified Publisher description
Uniform Resource Identifier <a href="http://www.loc.gov/catdir/enhancements/fy0605/97005436-d.html">http://www.loc.gov/catdir/enhancements/fy0605/97005436-d.html</a>
856 41 - ELECTRONIC LOCATION AND ACCESS
Materials specified Table of contents only
Uniform Resource Identifier <a href="http://www.loc.gov/catdir/enhancements/fy0605/97005436-t.html">http://www.loc.gov/catdir/enhancements/fy0605/97005436-t.html</a>
942 ## - ADDED ENTRY ELEMENTS (KOHA)
Source of classification or shelving scheme Library of Congress Classification
Koha item type Books
Suppress in OPAC No
999 ## -
-- 7184
-- 7184
Holdings
Withdrawn status Lost status Source of classification or shelving scheme Damaged status Not for loan Collection Home library Current library Shelving location Date acquired Total checkouts Full call number Barcode Date last seen Copy number Price effective from Koha item type
    Library of Congress Classification     Reference Undergraduate Library (Christ Temple) Undergraduate Library (Christ Temple) General stacks 07/26/2025   REF HM251 GIL ULCT00004185 07/26/2025 1 07/26/2025 Books
    Library of Congress Classification     Reference Undergraduate Library (Christ Temple) Undergraduate Library (Christ Temple) General stacks 08/29/2025   HM 251 GIL ulct00004537 08/29/2025 1 08/29/2025 Books
    Library of Congress Classification     Reference Undergraduate Library (Christ Temple) Undergraduate Library (Christ Temple) General stacks 08/29/2025   HM 251 GIL ulct00004538 08/29/2025 2 08/29/2025 Books
    Library of Congress Classification     Reference Undergraduate Library (Christ Temple) Undergraduate Library (Christ Temple) General stacks 08/29/2025   HM 251 GIL ulct00004539 08/29/2025 3 08/29/2025 Books
© 2023-2024 Copyright: Central University Libraries. All Rights Reserved | Created by: Mahone Tech Office